000 00393nam a2200133Ia 4500
008 260604s9999 xx 000 0 und d
020 _a9781786340658
082 _a519 ALL
100 _aBy rory allen (author)
_935787
245 0 _aStatistics And Experimental Design For Psychologists: A Model Comparison Approach
260 _bWorld Scientific
500 _aStatstics, Psycholog
942 _cBK
999 _c8618
_d8618